Countries with the Most Swahili Speakers - Statistics

General Stats
  • This quiz has been taken 141 times
  • The average score is 9 of 10
Answer Stats
Place Status Speakers Answer % Correct
3. National 39 427 500 Kenya
99%
1. National 52 209 000 Tanzania
98%
4. Official 15 494 500 Uganda
98%
2. 44 262 900 D.R.C.
97%
5. Official 2 526 000 Rwanda
93%
10. 13 000 Burundi
84%
9. 21 070 Mozambique
84%
6. 926 400 Somalia
80%
8. 69 478 U.S.A.
76%
7. 105 402 U.K.
69%
No matching quizzes found
Score Distribution
Percent of People with Each Score
Percentile by Number Answered
Your Score History
You have not taken this quiz